It looks like you're offline.
Open Library logo
additional options menu

MARC Record from Scriblio

Record ID marc_records_scriblio_net/part05.dat:72581892:578
Source Scriblio
Download Link /show-records/marc_records_scriblio_net/part05.dat:72581892:578?format=raw

LEADER: 00578cam 22002051 4500
001 63008990 /L
003 DLC
005 19860109000000.0
008 730313s1963 okua b 00000 eng
010 $a 63008990 /L
050 0 $aE99.C53$bB46
082 $a970.3
100 10 $aBerthrong, Donald J.
245 14 $aThe Southern Cheyennes.
250 $a[1st ed.]
260 0 $aNorman,$bUniversity of Oklahoma Press$c[1963]
300 $a446 p.$billus.$c24 cm.
490 0 $aThe Civilization of the American Indian series,$v66
504 $aIncludes bibliography.
650 0 $aCheyenne Indians.